Statistiques concernant Titre dans les paroles - Orelsan

Cliquez ici pour prendre le quiz!

Statistiques générales

  • Ce quiz a été pris 1 700 fois
  • Le résultat moyen est 6 sur 10

Statistiques - réponses

Musique% Correct
{San} / Ça veut dire trois / {San} / Ça veut dire monsieur
92%
Des tonnes de personnes défilent sous mes yeux / Pourtant je me sens {Si} {seul}
78%
Pour les trois prochaines minutes je veux qu’on m’appelle {Jimmy} {Punchline}
74%
Je sais pas ce qu’ils ont glissé dans mon verre / Pour que la nuit devienne {La} {Lumière} / J’ai vu {La} {Lumière}
63%
J'entends {Le} {Chant} {des} {sirènes} / Regarde autour de moi tous ces gens qui m'aiment
62%
Tu vas rester sur la touche si tu bouges trop lentement / C'est la course on a tous du mal à suivre le {Changement}
62%
{Dans} {ma} {ville} {on} {traîne} / Entre le béton les plaines / Dans les rues pavées du centre où tous les magasins ferment
60%
Je mène une {Double} {Vie} / Une {Double} {Vie} et je sais déjà comment ça va finir / Mal
54%
Pas de tunnel / Pas de lumière / Pas de rivière / Pas d’ange après qu’elle t’emmène / Et pourtant {Elle} {viendra} {quand} {même}
39%
Je titube éclairé par la demi-lune / Épaulé par mes {Étoiles} {Invisibles}
19%

Distribution des résultats

Percentile par nombre de réponses

% des personnes avec chaque résultat

Votre développement - résultats

Vous n’avez pas pris ce quiz